| 000 | 00504nam a2200133Ia 4500 | ||
|---|---|---|---|
| 008 | 220615s9999||||xx |||||||||||||| ||und|| | ||
| 020 | _a9780260000000 | ||
| 245 | 0 |
_aAssetization _bTurning Things into Assets in Technoscientific Capitalism |
|
| 546 | _aEnglish[eng] | ||
| 650 | _aEconomic history||Impact of science and technology on society||Business ethics and social responsibility | ||
| 700 | _aBirch, Kean||Muniesa, Fabian | ||
| 856 | _uhttps://doi.org/10.7551/mitpress/12075.001.0001 | ||
| 942 | _cEB | ||
| 999 |
_c18271 _d18271 |
||